| 000 | 00671nam a22002057a 4500 | ||
|---|---|---|---|
| 001 | 8836 | ||
| 003 | FISKH | ||
| 005 | 20251022121657.0 | ||
| 008 | 251022b cb ||||| |||| 00| 0 eng d | ||
| 020 | _a651468430115 | ||
| 040 |
_aFISKH _beng _cFISKH _dFISKH |
||
| 082 | _a813 | ||
| 100 | _aOsofsky, Jill | ||
| 245 |
_aMatching & sorting / _cBy Jill Osofsky |
||
| 260 |
_aGrand Rapids : _bMcGraw-Hill, _c2000. |
||
| 300 |
_a32 pages : _bcolor illustrations ; _c28 cm |
||
| 520 | _aThe fantastic Frog activiy books have been created especially for young children to help them builda solid understanding fo basic mathematics skills. | ||
| 942 |
_2ddc _cBK _n0 |
||
| 999 |
_c8836 _d8836 |
||